Medzinárodná marketingová stratégia firiem pre efektívny vstup na nové teritóriá medzinárodných trhov ( možnosť aplikácie na vybranú firmu-firmy) diplomová práca

Saved in:
Bibliographic Details
Main Author: Špes, Tomáš
Corporate Author: Obchodná fakulta EU. Katedra medzinárodného obchodu
Other Authors: Zorkóciová, Otília, 1954-
Format: Book
Language:Slovak
Published: Bratislava 2016
Tags: Add Tag
No Tags, Be the first to tag this record!

MARC

LEADER 00000nbm a2200000 4500
001 0221539
005 20161123152725.1
041 0 |a slo 
044 |a SK 
245 1 0 |a Medzinárodná marketingová stratégia firiem pre efektívny vstup na nové teritóriá medzinárodných trhov ( možnosť aplikácie na vybranú firmu-firmy)  |b diplomová práca  |c Tomáš Špes ; školiteľ: Otília Zorkóciová 
264 1 |a Bratislava  |c 2016 
300 |a 120 s. 
100 1 |a Špes, Tomáš 
700 1 |a Zorkóciová, Otília, 1954- 
710 2 |a Obchodná fakulta EU. Katedra medzinárodného obchodu